|
|
|
|
| LEADER |
00000naa a2200000 i 4500 |
| 001 |
publ137 |
| 005 |
20150312162005.0 |
| 008 |
150312s2012 hu o 000 zxx d |
| 040 |
|
|
|a BGE Publikációtár Repozitórium
|b hun
|
| 100 |
1 |
|
|a Balogh Katalin
|
| 245 |
1 |
0 |
|a Három szín
|b kék
|c Balogh Katalin
|h [elektronikus dokumentum]
|
| 260 |
|
|
|a Budapesti Gazdasági Főiskola
|c 2012
|
| 300 |
|
|
|a 541-552
|
| 490 |
0 |
|
|a Tudományos Évkönyv 2011: Útkeresés és növekedés
|
| 650 |
|
4 |
|a nyelvtudományok
|
| 695 |
|
|
|a Nyelvoktatás
|
| 695 |
|
|
|a Színek
|
| 856 |
4 |
0 |
|u https://publikaciotar.uni-bge.hu/id/eprint/137/1/tek_2011_43.pdf
|z Dokumentum-elérés
|